000 00773nam a2200241Ia 4500
003 OSt
005 20220923224558.0
006 a|||||r|||| 00| 0
007 ta
008 Pun
020 _c180
024 _a243,655
037 _b301, 08/10/2010, H.K. Prakashan
_cTextual
040 _aARTS
_cARTS
_bPun
041 _2Pun
_aPun
082 _aY73(P153):351, 153P3
100 _aਮਾਧਪੁਰੀ, ਸੁਖਦੇਵ
245 0 _aਲੋਕ ਗੀਤਾਂ ਦੀ ਸਮਾਜਿਕ ਵਿਆਖਿਆ
260 _aਲੁਧਿਆਣਾ
_b ਚੇਤਨਾ
_c2003
300 _a200ਪੰ
_ccm.
942 _hY73(P153):351, 153P3
_cTEXL
_2CC
999 _c372328
_d372328